The Web of words (Record no. 543509)
[ view plain ]
| 000 -LEADER | |
|---|---|
| fixed length control field | 00505nam a2200169Ia 4500 |
| 020 ## - INTERNATIONAL STANDARD BOOK NUMBER | |
| International Standard Book Number | 0521277728(pbk) |
| 082 ## - DEWEY DECIMAL CLASSIFICATION NUMBER | |
| Classification number | 420 |
| Author Mark | CAR |
| 100 ## - MAIN ENTRY--PERSONAL NAME | |
| Personal name | Carter- Ronald |
| 9 (RLIN) | 7389 |
| 245 ## - TITLE STATEMENT | |
| Title | The Web of words |
| Remainder of title | exploring literature through language |
| Statement of responsibility, etc. | Ronald Carter |
| 260 ## - PUBLICATION, DISTRIBUTION, ETC. | |
| Place of publication, distribution, etc. | Cambridge |
| Name of publisher, distributor, etc. | Cambridge University Press |
| Date of publication, distribution, etc. | 1995 |
| 300 ## - PHYSICAL DESCRIPTION | |
| Extent | 188p |
| 526 ## - STUDY PROGRAM INFORMATION NOTE | |
| Program name | 0 |
| Interest level | 0 |
| Reading level | 0 |
| Title point value | 420_000000000000000_CAR |
| 650 ## - SUBJECT ADDED ENTRY--TOPICAL TERM | |
| Topical term or geographic name entry element | English Language -- Usage |
| 9 (RLIN) | 38889 |
| 650 ## - SUBJECT ADDED ENTRY--TOPICAL TERM | |
| Topical term or geographic name entry element | MCE |
| 9 (RLIN) | 379 |
| 700 ## - ADDED ENTRY--PERSONAL NAME | |
| Personal name | Michal N. Long |
| 9 (RLIN) | 38890 |
| 942 ## - ADDED ENTRY ELEMENTS (KOHA) | |
| Source of classification or shelving scheme | |
| Koha item type | Book |
| Withdrawn status | Lost status | Source of classification or shelving scheme | Damaged status | Not for loan | Permanent Location | Current Location | Date acquired | Total Checkouts | Full call number | Barcode | Date last seen | Price effective from | Koha item type |
|---|---|---|---|---|---|---|---|---|---|---|---|---|---|
| Military College of Engineering (MCE) | Military College of Engineering (MCE) | 03/26/2014 | 420 CAR | MCE-39018 | 03/26/2014 | 03/26/2014 | Book |
